<?xml version="1.0" encoding="UTF-8"?><?xml-stylesheet type="text/xsl" href="static/style.xsl"?><OAI-PMH xmlns="http://www.openarchives.org/OAI/2.0/" xmlns:xsi="http://www.w3.org/2001/XMLSchema-instance" xsi:schemaLocation="http://www.openarchives.org/OAI/2.0/ http://www.openarchives.org/OAI/2.0/OAI-PMH.xsd"><responseDate>2026-04-14T06:34:51Z</responseDate><request verb="GetRecord" identifier="oai:www.recercat.cat:20.500.12327/421" metadataPrefix="marc">https://recercat.cat/oai/request</request><GetRecord><record><header><identifier>oai:recercat.cat:20.500.12327/421</identifier><datestamp>2025-10-22T11:12:10Z</datestamp><setSpec>com_2072_4428</setSpec><setSpec>com_2072_4427</setSpec><setSpec>col_2072_487898</setSpec></header><metadata><record xmlns="http://www.loc.gov/MARC21/slim" xmlns:dcterms="http://purl.org/dc/terms/" xmlns:xsi="http://www.w3.org/2001/XMLSchema-instance" xmlns:doc="http://www.lyncode.com/xoai" xsi:schemaLocation="http://www.loc.gov/MARC21/slim http://www.loc.gov/standards/marcxml/schema/MARC21slim.xsd">
   <leader>00925njm 22002777a 4500</leader>
   <datafield ind2=" " ind1=" " tag="042">
      <subfield code="a">dc</subfield>
   </datafield>
   <datafield ind2=" " ind1=" " tag="720">
      <subfield code="a">Arroyo, Laura</subfield>
      <subfield code="e">author</subfield>
   </datafield>
   <datafield ind2=" " ind1=" " tag="720">
      <subfield code="a">Valent, Daniel</subfield>
      <subfield code="e">author</subfield>
   </datafield>
   <datafield ind2=" " ind1=" " tag="720">
      <subfield code="a">Carreras, Ricard</subfield>
      <subfield code="e">author</subfield>
   </datafield>
   <datafield ind2=" " ind1=" " tag="720">
      <subfield code="a">Peña, Raquel</subfield>
      <subfield code="e">author</subfield>
   </datafield>
   <datafield ind2=" " ind1=" " tag="720">
      <subfield code="a">Sabrià, Josefa</subfield>
      <subfield code="e">author</subfield>
   </datafield>
   <datafield ind2=" " ind1=" " tag="720">
      <subfield code="a">Velarde, Antonio</subfield>
      <subfield code="e">author</subfield>
   </datafield>
   <datafield ind2=" " ind1=" " tag="720">
      <subfield code="a">Bassols, Anna</subfield>
      <subfield code="e">author</subfield>
   </datafield>
   <datafield ind2=" " ind1=" " tag="260">
      <subfield code="c">2019-01-16</subfield>
   </datafield>
   <datafield ind2=" " ind1=" " tag="520">
      <subfield code="a">How housing and transport conditions may affect welfare in porcine production is a leading topic in livestock research. This study investigated whether pigs present a different neurological response to management conditions and to ascertain whether pigs living partially outdoors cope differently with road transport-associated stress. Twenty-four female pigs were divided in two groups: one living indoors (ID, n = 12) and the other housed combining indoor conditions with 4 hours per day of outdoor pasture (OD, n = 12). After one month, one set of animals from each housing condition were driven in a truck to the slaughterhouse in low-stress conditions (5 min drive, no mixing groups, soft management, LS group, n = 12) or high-stress conditions (2 hours drive, mixing groups, harsh management, HS group, n = 12). At the slaughterhouse, blood was collected, and the prefrontal cortex (PFC) and the hippocampus (HC) dissected. OD pigs had lower serum haptoglobin and increased dopaminergic pathway (DA-system) in the PFC, suggesting that living outdoors increases their wellbeing. HS conditions increased serum creatine kinase (CK) and affected several brain pathways: activation of the noradrenergic (NA-system) and DA -system in the PFC and the activation of the DA-system and an increase in c-Fos as well as a decrease in brain-derived neurotrophic factor (BDNF) in the HC. The serotonergic system (5-HT-system) was mildly altered in both areas. There was an interaction between housing and transport in serum NA and the DA-system in the HC, indicating that living conditions affected the response to stress. Multivariate analysis was able to discriminate the four animal groups. In conclusion, this work indicates that housing conditions and road transport markedly modifies the neurophysiology of pigs, and suggests that animals raised partially outdoors respond differently to transport-associated stress than animals raised indoors, indicating that they cope differently with unknown environments.</subfield>
   </datafield>
   <datafield ind1="8" ind2=" " tag="024">
      <subfield code="a">Arroyo, L., Valent, D., Carreras, R., Peña, R., Sabrià, J., Velarde, A. and Bassols, A. Arroyo, Laura, Daniel Valent, Ricard Carreras, Raquel Peña, Josefa Sabrià, Antonio Velarde, and Anna Bassols. 2019. "Housing And Road Transport Modify The Brain Neurotransmitter Systems Of Pigs: Do Pigs Raised In Different Conditions Cope Differently With Unknown Environments?". PLOS ONE 14 (1): e0210406. Public Library of Science (PLoS). doi:10.1371/journal.pone.0210406.</subfield>
   </datafield>
   <datafield ind1="8" ind2=" " tag="024">
      <subfield code="a">1932-6203</subfield>
   </datafield>
   <datafield ind1="8" ind2=" " tag="024">
      <subfield code="a">http://hdl.handle.net/20.500.12327/421</subfield>
   </datafield>
   <datafield ind1="8" ind2=" " tag="024">
      <subfield code="a">https://doi.org/10.1371/journal.pone.0210406</subfield>
   </datafield>
   <datafield ind2="0" ind1="0" tag="245">
      <subfield code="a">Housing and road transport modify the brain neurotransmitter systems of pigs: Do pigs raised in different conditions cope differently with unknown environments?</subfield>
   </datafield>
</record></metadata></record></GetRecord></OAI-PMH>